Cómo se enseña la aritmética y la geometría
Saved in:
| Main Author: | |
|---|---|
| Format: | Book |
| Language: | Spanish |
| Published: |
Madrid
Miguel Angel
1929
|
| Edition: | 3a. ed |
| Series: | Publicaciones de la Revista de Pedagogía. Serie Metodología, 2
|
| Subjects: | |
| Tags: |
Add Tag
No Tags, Be the first to tag this record!
|
MARC
| LEADER | 00000nam a2200000 a 4500 | ||
|---|---|---|---|
| 001 | UCZ5935 | ||
| 003 | CL-VaPUC | ||
| 008 | 951130e19290000SP |||||||||||||||||spa|d | ||
| 082 | 0 | 4 | |a 372.72 |b COM |2 21 |
| 100 | 0 | |a Comas, Margarita |e author |9 350137 | |
| 245 | 1 | 0 | |a Cómo se enseña la aritmética y la geometría |
| 250 | |a 3a. ed | ||
| 300 | |a 48 p | ||
| 942 | |c BK | ||
| 945 | |d 19951130 00:00:00 |a rleighto | ||
| 260 | |a Madrid |b Miguel Angel |c 1929 | ||
| 650 | 0 | |a Aritmética |9 270049 | |
| 650 | 0 | |a Geometría |9 264063 | |
| 650 | 0 | |a Matemáticas |x Enseñanza |9 875527 | |
| 650 | 0 | |a Métodos de enseñanza |9 270413 | |
| 650 | 0 | |a Educación básica |9 224933 | |
| 583 | |a last modification |c 20170726 04:53:03 |k Rodrigo Vera | ||
| 490 | 0 | |a Publicaciones de la Revista de Pedagogía. Serie Metodología, 2 | |
| 999 | |c 242208 |d 242206 | ||
| 952 | |0 0 |1 0 |4 0 |6 372_720000000000000_COM_1929 |7 0 |8 P |9 254998 |a BIBEDU |b BIBEDU |c BIBEDU_PB |d 2019-11-19 |i 3153401 |o 372.72 COM 1929 |p 3153401 |r 2024-01-25 |w 2019-11-19 |y BK |k EDU | ||